[Event "POL-ch Academic"]
[Site "Chorzow"]
[Date "2021.05.14"]
[Round "2.7"]
[White "Badyra, Wasyl"]
[Black "Molenda, Marcin"]
[Result "0-1"]
[WhiteElo "1994"]
[BlackElo "2362"]
[PlyCount "88"]
[EventDate "2021.05.14"]
[EventType "swiss (rapid)"]
[EventRounds "9"]
[EventCountry "POL"]
[SourceTitle "CBM 202 Extra"]
[Source "ChessBase"]
[SourceDate "2021.07.31"]
[SourceVersion "1"]
[SourceVersionDate "2021.07.31"]
[SourceQuality "1"]

1. e4 c5 2. Nf3 e6 3. d3 Nc6 4. g3 g6 5. Bg2 Bg7 6. 0-0 Nge7 7. Re1 d6 8. Nc3 0-0 9. Bg5 h6 10. Be3 Nd4 11. Nd2 Rb8 12. a4 b6 13. Nc4 Bb7 14. Bf4 e5 15. Bc1 f5 16. f4 fxe4 17. dxe4 Ba6 18. Ne3 exf4 19. gxf4 Kh7 20. Ncd5 Nxd5 21. Nxd5 Qh4 22. c3 Nc6 23. Be3 Bc8 24. Bf2 Qd8 25. Qf3 Ne7 26. Rad1 Nxd5 27. Rxd5 Bb7 28. Rd2 Qe7 29. Qg3 Rbd8 30. h4 Qf6 31. h5 gxh5 32. f5 Qe7 33. Qg6+ Kh8 34. Bg3 Qg5 35. Rxd6 Rxd6 36. Bxd6 Qxg6 37. fxg6 Rf6 38. e5 Rxg6 39. Re2 Bxg2 40. Rxg2 Kh7 41. c4 Rxg2+ 42. Kxg2 Kg6 43. Kf3 Kf5 44. Bc7 Bxe5 0-1

[Event "POL-chT Academic"]
[Site "Katowice"]
[Date "2020.11.15"]
[Round "8.9"]
[White "Smolka, Marcin"]
[Black "Badyra, Wasyl"]
[Result "1/2-1/2"]
[WhiteElo "2189"]
[BlackElo "1994"]
[PlyCount "133"]
[EventDate "2020.11.14"]
[EventType "team-swiss (rapid)"]
[EventRounds "9"]
[EventCountry "POL"]
[SourceTitle "CBM 199 Extra"]
[Source "ChessBase"]
[SourceDate "2021.01.31"]
[SourceVersion "1"]
[SourceVersionDate "2021.01.31"]
[SourceQuality "1"]
[WhiteTeam "Krakow Gorniczo Hutnicza Akad"]
[BlackTeam "Gdansk Politechnika"]
[WhiteTeamCountry "POL"]
[BlackTeamCountry "POL"]

1. e4 c5 2. c4 Nc6 3. Ne2 g6 4. d4 cxd4 5. Nxd4 Bg7 6. Be3 Nf6 7. Nc3 0-0 8. Be2 d6 9. 0-0 Nd7 10. Nb3 Na5 11. f3 Nxb3 12. axb3 Nc5 13. b4 Ne6 14. Qd2 b6 15. Nb5 Bd7 16. Nxa7 Qc7 17. Nb5 Bxb5 18. cxb5 Rxa1 19. Rxa1 Rc8 20. Bd3 Nd4 21. Rc1 Qxc1+ 22. Qxc1 Rxc1+ 23. Bxc1 Nb3 24. Be3 Bd4 25. Kf2 e5 26. Bxd4 Nxd4 27. Ke3 Kg7 28. Kd2 Kf6 29. Kc3 Ke6 30. Bc4+ Ke7 31. Bd3 Kf6 32. Kc4 Ke6 33. Kc3 f5 34. Bc4+ Kf6 35. Bd3 h5 36. exf5 gxf5 37. h4 d5 38. f4 Ne6 39. fxe5+ Kxe5 40. g3 Nd4 41. Bf1 Ne6 42. Be2 Ng7 43. Kd3 Ne6 44. Bxh5 f4 45. g4 Nd4 46. g5 Nf5 47. g6 Kf6 48. Bg4 Nxh4 49. Kd4 Nxg6 50. Kxd5 Ne5 51. Bh3 f3 52. Kd6 f2 53. Kc7 Nc4 54. b3 Ne3 55. Kxb6 Kg5 56. Kc6 Kh4 57. b6 Kxh3 58. b7 f1Q 59. b8Q Qf6+ 60. Qd6 Qf3+ 61. Kd7 Qf7+ 62. Qe7 Qd5+ 63. Qd6 Qb7+ 64. Ke6 Qe4+ 65. Kd7 Qb7+ 66. Ke6 Qe4+ 67. Qe5 1/2-1/2

[Event "POL-ch Academic"]
[Site "Katowice"]
[Date "2020.11.13"]
[Round "5"]
[White "Badyra, Wasyl"]
[Black "Budzinski, Jan"]
[Result "1-0"]
[WhiteElo "1994"]
[BlackElo "1987"]
[PlyCount "79"]
[EventDate "2020.11.13"]
[EventType "swiss (rapid)"]
[EventRounds "9"]
[EventCountry "POL"]
[SourceTitle "CBM 199 Extra"]
[Source "ChessBase"]
[SourceDate "2021.01.31"]
[SourceVersion "1"]
[SourceVersionDate "2021.01.31"]
[SourceQuality "1"]

1. e4 c5 2. Nf3 e6 3. d3 Nc6 4. g3 Qc7 5. Bg2 d6 6. 0-0 Nf6 7. Nc3 a6 8. Bf4 Be7 9. Re1 e5 10. Bg5 0-0 11. Nd2 h6 12. Bxf6 Bxf6 13. Nd5 Qd8 14. Nf1 b5 15. Nfe3 Be6 16. Bf3 Nd4 17. Bg4 Bg5 18. f4 exf4 19. gxf4 Bh4 20. Rf1 f5 21. Bh3 fxe4 22. Bxe6+ Nxe6 23. Qg4 Nd4 24. dxe4 Qc8 25. Qxh4 Ra7 26. c3 Ne2+ 27. Kh1 Qe8 28. f5 g5 29. Qg4 Nf4 30. Rxf4 Rg7 31. f6 h5 32. Qg2 Rg6 33. f7+ Rxf7 34. Rxf7 Qxf7 35. Rf1 Qe6 36. Rf5 g4 37. Rf4 g3 38. hxg3 Qe5 39. Qh3 Qg5 40. Qc8+ 1-0

[Event "POL-chT3 Kujawsko Pomorskie 1617"]
[Site "Poland"]
[Date "2017.??.??"]
[Round "5.4"]
[White "Grochowalski, Pawel"]
[Black "Badyra, Wasyl"]
[Result "1-0"]
[WhiteElo "2139"]
[BlackElo "2024"]
[PlyCount "89"]
[EventDate "2016.11.06"]
[EventType "team-tourn"]
[EventRounds "9"]
[EventCountry "POL"]
[SourceTitle "EXT 2018"]
[Source "ChessBase"]
[SourceDate "2017.10.13"]
[SourceVersion "1"]
[SourceVersionDate "2017.10.13"]
[SourceQuality "1"]

1. d4 Nf6 2. c4 g6 3. Nc3 Bg7 4. e4 d6 5. Be2 0-0 6. Nf3 Nc6 7. 0-0 e5 8. d5 Ne7 9. b4 Nd7 10. Nd2 f5 11. Nb3 Nf6 12. f3 f4 13. Bd2 g5 14. c5 h5 15. Rc1 Ne8 16. Qc2 Bd7 17. Na5 b6 18. c6 bxa5 19. cxd7 Qxd7 20. bxa5 a6 21. a3 c5 22. dxc6 Nxc6 23. Nd5 Nd4 24. Qc4 Kh8 25. Nb6 Qa7 26. Kh1 Nxe2 27. Qxe2 Rd8 28. Qc4 Rf7 29. Bb4 g4 30. Rfd1 gxf3 31. gxf3 Bf8 32. Be1 Rc7 33. Qe6 Ng7 34. Qh6+ Kg8 35. Bh4 Re8 36. Nd5 Rxc1 37. Rxc1 Re6 38. Nf6+ Kf7 39. Rg1 Ke7 40. Nd5+ Ke8 41. Rxg7 Bxg7 42. Qxe6+ Kf8 43. Be7+ Ke8 44. Bxd6+ Kd8 45. Bc7+ 1-0

[Event "POL-chT3 Kujawsko Pomorskie 1516"]
[Site "Poland"]
[Date "2016.01.10"]
[Round "4"]
[White "Badyra, Wasyl"]
[Black "Gryniakow, Jaroslaw"]
[Result "1/2-1/2"]
[WhiteElo "2021"]
[BlackElo "2157"]
[PlyCount "60"]
[EventDate "2015.11.08"]
[EventType "team-tourn"]
[EventRounds "9"]
[EventCountry "POL"]
[SourceTitle "EXT 2019"]
[Source "ChessBase"]
[SourceDate "2018.10.10"]
[SourceVersion "1"]
[SourceVersionDate "2018.10.10"]
[SourceQuality "1"]

1. e4 e6 2. d3 d5 3. Nd2 c5 4. g3 Nc6 5. Bg2 g6 6. Ngf3 Bg7 7. 0-0 Nge7 8. Re1 h6 9. e5 b6 10. Nb3 a5 11. a4 Nf5 12. c3 Ba6 13. d4 cxd4 14. Nbxd4 Nfxd4 15. cxd4 0-0 16. Bd2 Qe7 17. Qb3 Nb4 18. Bxb4 axb4 19. Nd2 Rfc8 20. Rec1 Bf8 21. Qe3 Qd7 22. Rxc8 Bxc8 23. b3 Ba6 24. Rc1 Rc8 25. Rxc8 Qxc8 26. Bf1 Qc1 27. Kg2 Bxf1+ 28. Nxf1 Qd1 29. h3 Kg7 30. Nh2 Be7 1/2-1/2

[Event "POL-chT3 Kujawsko Pomorskie 1516"]
[Site "Poland"]
[Date "2015.11.08"]
[Round "1"]
[White "Kulinski, Krzysztof"]
[Black "Badyra, Wasyl"]
[Result "1/2-1/2"]
[WhiteElo "2081"]
[BlackElo "2021"]
[PlyCount "100"]
[EventDate "2015.11.08"]
[EventType "team-tourn"]
[EventRounds "9"]
[EventCountry "POL"]
[SourceTitle "EXT 2019"]
[Source "ChessBase"]
[SourceDate "2018.10.10"]
[SourceVersion "1"]
[SourceVersionDate "2018.10.10"]
[SourceQuality "1"]

1. e4 c5 2. d3 Nc6 3. Nf3 g6 4. g3 Bg7 5. Bg2 Nf6 6. 0-0 0-0 7. c3 d6 8. Nbd2 Rb8 9. Re1 b5 10. d4 Nd7 11. dxc5 Nxc5 12. Nb3 Nxb3 13. axb3 a5 14. Bf4 Qc7 15. Nd4 Bd7 16. Qd2 e5 17. Nxc6 Bxc6 18. Bh6 Bxh6 19. Qxh6 f5 20. exf5 Rxf5 21. Qe3 Rbf8 22. Rf1 Bxg2 23. Kxg2 Qc6+ 24. Kg1 Rf3 25. Qd2 e4 26. Rae1 d5 27. Re3 Qc5 28. Rxf3 Rxf3 29. Rd1 Rd3 30. Qe2 Rxd1+ 31. Qxd1 Kf7 32. Qg4 Qc6 33. Qf4+ Kg8 34. Qe5 a4 35. bxa4 bxa4 36. h4 h5 37. Qg5 Qd6 38. Qe3 a3 39. bxa3 Qxa3 40. Qd4 Qa8 41. c4 dxc4 42. Qxc4+ Kg7 43. Qd4+ Kf7 44. Qd7+ Kf6 45. Qd6+ Kf5 46. Kh2 Qb7 47. Qf4+ Ke6 48. Qg5 Qf7 49. Qc5 Qf5 50. Qd4 Ke7 1/2-1/2

[Event "POL-chT 2nd League"]
[Site "Jastrzebia Gora"]
[Date "2015.09.08"]
[Round "4.92"]
[White "Badyra, Wasyl"]
[Black "Chylewski, Patryk"]
[Result "0-1"]
[WhiteElo "2030"]
[BlackElo "2027"]
[PlyCount "61"]
[EventDate "2015.09.05"]
[EventType "team-swiss"]
[EventRounds "9"]
[EventCountry "POL"]
[SourceTitle "EXT 2017"]
[Source "ChessBase"]
[SourceDate "2016.10.25"]
[SourceVersion "1"]
[SourceVersionDate "2016.10.25"]
[SourceQuality "1"]
[WhiteTeam "Swiecie Gambit"]
[BlackTeam "Chylice KS Laura"]
[WhiteTeamCountry "POL"]
[BlackTeamCountry "POL"]

1. e4 c5 2. Nf3 e6 3. d3 d5 4. Nbd2 Nc6 5. g3 Bd6 6. Bg2 Nge7 7. 0-0 Bc7 8. exd5 exd5 9. c4 0-0 10. Nb3 Bb6 11. Be3 d4 12. Bg5 Bf5 13. Nh4 Be6 14. Re1 Qd7 15. Bxe7 Nxe7 16. Qh5 Rac8 17. Nd2 Ba5 18. Ne4 Bxe1 19. Rxe1 Bg4 20. Nf6+ gxf6 21. Rxe7 Bxh5 22. Rxd7 Rfe8 23. Be4 Rcd8 24. Rc7 Rxe4 25. dxe4 d3 26. Nf5 d2 27. Ne3 h6 28. Kg2 Rd3 29. g4 Bxg4 30. f3 Rxe3 31. Rd7 0-1

[Event "POL-chT 2nd League"]
[Site "Jastrzebia Gora"]
[Date "2015.09.06"]
[Round "2.104"]
[White "Zylka, Stanislaw"]
[Black "Badyra, Wasyl"]
[Result "1/2-1/2"]
[WhiteElo "2213"]
[BlackElo "2030"]
[PlyCount "174"]
[EventDate "2015.09.05"]
[EventType "team-swiss"]
[EventRounds "9"]
[EventCountry "POL"]
[SourceTitle "EXT 2017"]
[Source "ChessBase"]
[SourceDate "2016.10.25"]
[SourceVersion "1"]
[SourceVersionDate "2016.10.25"]
[SourceQuality "1"]
[WhiteTeam "Podlesie UKS 21"]
[BlackTeam "Swiecie Gambit"]
[WhiteTeamCountry "POL"]
[BlackTeamCountry "POL"]

1. e4 c5 2. Nf3 Nc6 3. d4 cxd4 4. Nxd4 g6 5. c4 Bg7 6. Be3 Nf6 7. Nc3 0-0 8. Be2 d6 9. 0-0 Nd7 10. Nc2 Nc5 11. f3 a5 12. Qd2 Re8 13. Rfd1 Be6 14. Na3 a4 15. Bf1 Qa5 16. Rac1 Nb4 17. Nab5 Rec8 18. Bg5 Nc6 19. Qf2 h6 20. Be3 Ne5 21. Nd5 Bxd5 22. Rxd5 Ned7 23. Qh4 Nf6 24. Rdd1 g5 25. Qf2 Ne6 26. Bb6 Qb4 27. a3 Qb3 28. Rd3 Qxb5 29. cxb5 Rxc1 30. Be3 Rc7 31. b6 Rc6 32. Rc3 Rxc3 33. bxc3 Nd7 34. Bb5 Ndc5 35. c4 Be5 36. g3 Kh7 37. Kf1 Rg8 38. Qc2 Bd4 39. e5+ Rg6 40. exd6 exd6 41. Be8 Bxe3 42. Bxf7 Nf8 43. Qf5 Bd4 44. Bxg6+ Nxg6 45. Qf7+ Bg7 46. Qc7 Nf8 47. Qxd6 Nfe6 48. f4 gxf4 49. gxf4 Bf8 50. Qd4 Kg8 51. Qd5 Kg7 52. h4 Kf6 53. Qe5+ Kf7 54. f5 Ng7 55. Kg2 Ne8 56. Qd5+ Kg7 57. Qd8 Kf7 58. Kf3 Nf6 59. Qc7+ Nfd7 60. Qg3 Nf6 61. Qg1 Ke8 62. Qd1 Kf7 63. Kf4 Be7 64. Ke3 Bf8 65. Qf3 Be7 66. Qg2 Bf8 67. Kd4 Ncd7 68. Qxb7 Bxa3 69. Kc3 Bc5 70. Qc6 Bxb6 71. Qxa4 Bc5 72. Qc6 h5 73. Qg2 Kf8 74. Kb3 Ke7 75. Ka4 Kd6 76. Kb5 Ke5 77. Qf3 Bb6 78. Kc6 Bc5 79. Qd3 Kf4 80. Qd2+ Kxf5 81. Qg5+ Ke4 82. Qg3 Kf5 83. Qf3+ Ke5 84. Kb5 Kd4 85. Qf5 Bf8 86. Qf4+ Kd3 87. Qf3+ Kd4 1/2-1/2

[Event "POL-ch U16"]
[Site "Karpacz"]
[Date "2015.03.17"]
[Round "4"]
[White "Kaminski, Piotr1111"]
[Black "Badyra, Wasyl"]
[Result "0-1"]
[WhiteElo "1887"]
[BlackElo "1885"]
[PlyCount "88"]
[EventDate "2015.03.15"]
[EventType "swiss"]
[EventRounds "9"]
[EventCountry "POL"]
[SourceTitle "EXT 2017"]
[Source "ChessBase"]
[SourceDate "2016.10.25"]
[SourceVersion "1"]
[SourceVersionDate "2016.10.25"]
[SourceQuality "1"]

1. e4 c5 2. Nf3 Nc6 3. d4 cxd4 4. Nxd4 g6 5. c4 Bg7 6. Be3 Nf6 7. Nc3 0-0 8. Be2 d6 9. 0-0 Nd7 10. Qd2 Nc5 11. Rab1 Ne6 12. Nc2 b6 13. b4 Bb7 14. f3 Rc8 15. Rfc1 Ne5 16. Na3 Kh8 17. Nd5 Nc7 18. Bf1 Ba8 19. Nxc7 Rxc7 20. Nb5 Rd7 21. a4 e6 22. Nd4 Qe7 23. Bf2 Rc8 24. Nb3 g5 25. Qe1 Rdc7 26. Nd2 h5 27. Qe3 Bh6 28. g3 Kh7 29. Rc2 Qf6 30. Rd1 Nc6 31. Rb1 g4 32. f4 e5 33. Qc3 Kg7 34. f5 Ne7 35. Re1 Bg5 36. Qb2 h4 37. Bd3 hxg3 38. hxg3 Qh6 39. Kf1 Nxf5 40. exf5 Qh1+ 41. Ke2 Bf3+ 42. Nxf3 Qxf3+ 43. Kf1 Rh8 44. f6+ Kf8 0-1

[Event "POL-ch U16"]
[Site "Karpacz"]
[Date "2015.03.16"]
[Round "2"]
[White "Jankowiak, Tomasz"]
[Black "Badyra, Wasyl"]
[Result "1-0"]
[WhiteElo "1663"]
[BlackElo "1885"]
[PlyCount "85"]
[EventDate "2015.03.15"]
[EventType "swiss"]
[EventRounds "9"]
[EventCountry "POL"]
[SourceTitle "EXT 2017"]
[Source "ChessBase"]
[SourceDate "2016.10.25"]
[SourceVersion "1"]
[SourceVersionDate "2016.10.25"]
[SourceQuality "1"]

1. e4 c5 2. Nf3 Nc6 3. d4 cxd4 4. Nxd4 g6 5. c4 Bg7 6. Be3 Nf6 7. Nc3 0-0 8. Be2 d6 9. Qd2 Nd7 10. 0-0 Nc5 11. Rfd1 Bd7 12. f3 Rc8 13. Rac1 Re8 14. b3 b6 15. Bf1 Ne5 16. Ndb5 a6 17. Nd4 Rb8 18. Rc2 Qc8 19. Nd5 e6 20. Nc3 Nb7 21. Nde2 Qc7 22. Kh1 Bc6 23. Nd5 exd5 24. cxd5 Na5 25. Nd4 Qb7 26. Nxc6 Naxc6 27. dxc6 Nxc6 28. Bxa6 Qxa6 29. Rxc6 Be5 30. f4 Bg7 31. Rxd6 Bf8 32. Rd4 Bc5 33. Ra4 Bxe3 34. Qxe3 Qc8 35. Rc4 Qg4 36. Qf3 Qe6 37. h3 b5 38. Rcd4 Ra8 39. R1d2 Qb6 40. Qd3 Rac8 41. Kh2 Rc1 42. Rd1 Rcc8 43. e5 1-0

[Event "Poznan op 22nd"]
[Site "Poznan"]
[Date "2014.08.15"]
[Round "8"]
[White "Golek, Jagoda"]
[Black "Badyra, Wasyl"]
[Result "0-1"]
[WhiteElo "2070"]
[BlackElo "1772"]
[PlyCount "82"]
[EventDate "2014.08.09"]
[EventType "swiss"]
[EventRounds "9"]
[EventCountry "POL"]
[SourceTitle "CBM 161 Extra"]
[Source "ChessBase"]
[SourceDate "2014.08.29"]
[SourceVersion "1"]
[SourceVersionDate "2014.08.29"]
[SourceQuality "1"]

1. e4 c5 2. Nf3 Nc6 3. Bb5 g6 4. Bxc6 dxc6 5. d3 Bg7 6. h3 Nf6 7. Nc3 0-0 8. Be3 b6 9. 0-0 Ba6 10. Qd2 c4 11. d4 b5 12. a3 Bb7 13. Bh6 a6 14. Rfe1 e6 15. e5 Nd7 16. Ne4 c5 17. c3 cxd4 18. cxd4 Bd5 19. Nh2 f6 20. Nc3 fxe5 21. Bxg7 Kxg7 22. Nxd5 exd5 23. dxe5 Nc5 24. Ng4 Nb3 25. Qh6+ Kh8 26. Rad1 d4 27. Re4 Qe7 28. Nf6 Rf7 29. h4 c3 30. Re2 c2 31. Rxc2 Qxe5 32. Nxh7 Rxh7 33. Qxg6 Rg8 34. Qd3 Rxh4 35. Qf3 Qh2+ 36. Kf1 Qh1+ 37. Ke2 d3+ 38. Qxd3 Re8+ 39. Kf3 Rf8+ 40. Ke2 Qxg2 41. Qe3 Re4 0-1

[Event "Poznan op 22nd"]
[Site "Poznan"]
[Date "2014.08.14"]
[Round "7"]
[White "Badyra, Wasyl"]
[Black "Plichta, Kamil"]
[Result "0-1"]
[WhiteElo "1772"]
[BlackElo "2257"]
[PlyCount "62"]
[EventDate "2014.08.09"]
[EventType "swiss"]
[EventRounds "9"]
[EventCountry "POL"]
[SourceTitle "CBM 161 Extra"]
[Source "ChessBase"]
[SourceDate "2014.08.29"]
[SourceVersion "1"]
[SourceVersionDate "2014.08.29"]
[SourceQuality "1"]

1. d4 d6 2. e4 Nf6 3. Nc3 e5 4. Nf3 Nbd7 5. Bc4 Be7 6. 0-0 0-0 7. h3 c6 8. Bb3 exd4 9. Qxd4 Nc5 10. Rd1 a5 11. e5 dxe5 12. Qxe5 Nfd7 13. Qg3 a4 14. Bc4 b5 15. Bd3 Nxd3 16. Rxd3 a3 17. bxa3 Bf6 18. Rb1 Re8 19. Rb4 c5 20. Re4 Bxc3 21. Rxe8+ Qxe8 22. Rxc3 Bb7 23. Bh6 Qf8 24. Bg5 f6 25. Bf4 Qf7 26. Re3 Nb6 27. Bd6 Nd5 28. Rb3 Rc8 29. Rxb5 Nc3 30. Rxc5 Rxc5 31. Bxc5 Ne2+ 0-1

[Event "Poznan op 22nd"]
[Site "Poznan"]
[Date "2014.08.10"]
[Round "3"]
[White "Budrewicz, Krzysztof"]
[Black "Badyra, Wasyl"]
[Result "1-0"]
[WhiteElo "2238"]
[BlackElo "1772"]
[PlyCount "89"]
[EventDate "2014.08.09"]
[EventType "swiss"]
[EventRounds "9"]
[EventCountry "POL"]
[SourceTitle "CBM 161 Extra"]
[Source "ChessBase"]
[SourceDate "2014.08.29"]
[SourceVersion "1"]
[SourceVersionDate "2014.08.29"]
[SourceQuality "1"]

1. d4 Nf6 2. Bg5 Ne4 3. Bf4 d5 4. e3 Nd7 5. Bd3 Nef6 6. c4 c6 7. Nc3 g6 8. Rc1 dxc4 9. Bxc4 Nb6 10. Be2 Bg7 11. h3 0-0 12. Nf3 Nbd5 13. Bh2 Be6 14. 0-0 Nxc3 15. bxc3 c5 16. c4 cxd4 17. Nxd4 Bd7 18. Bf3 Qc8 19. Qb3 Bc6 20. Nxc6 bxc6 21. Qa4 Qe6 22. Qxc6 Qxc6 23. Bxc6 Rac8 24. Bb7 Rc5 25. Rfd1 e5 26. f4 Rb8 27. fxe5 Ng4 28. hxg4 Rxb7 29. Rd8+ Bf8 30. e6 Rc6 31. e7 Rxe7 32. Bd6 Rxd6 33. Rxd6 Rxe3 34. Rd8 Kg7 35. c5 Be7 36. Rd7 Bg5 37. c6 Re8 38. Rf1 Bf6 39. c7 Rc8 40. g5 Bxg5 41. Rfxf7+ Kg8 42. Rg7+ Kf8 43. Rxh7 Kg8 44. Rdg7+ Kf8 45. Rh8+ 1-0

[Event "POL Olympiad U14"]
[Site "Walbrzych"]
[Date "2013.??.??"]
[Round "1.1"]
[White "Badyra, Wasyl"]
[Black "Winiarski, Mikolaj"]
[Result "1/2-1/2"]
[WhiteElo "1681"]
[BlackElo "2096"]
[PlyCount "161"]
[EventDate "2013.04.??"]
[EventType "team-swiss"]
[EventRounds "9"]
[EventCountry "POL"]
[SourceTitle "EXT 2014"]
[Source "ChessBase"]
[SourceDate "2013.11.20"]
[SourceVersion "1"]
[SourceVersionDate "2013.11.20"]
[SourceQuality "1"]

1. e4 Nf6 2. Nc3 e5 3. Bc4 Bc5 4. Nf3 d6 5. h3 0-0 6. 0-0 c6 7. Bb3 b5 8. d3 h6 9. Be3 Bxe3 10. fxe3 Nbd7 11. a3 Nc5 12. Ba2 a5 13. b4 axb4 14. axb4 Na6 15. Ne2 Rb8 16. Qe1 c5 17. bxc5 Nxc5 18. Ng3 b4 19. d4 Ncxe4 20. dxe5 dxe5 21. Nxe4 Nxe4 22. Nxe5 Rb7 23. Rd1 Qg5 24. Nf3 Qe7 25. Rd4 Nc3 26. Bb3 Rb6 27. Qd2 Ne4 28. Qc1 Rg6 29. Bd5 Nc3 30. Qe1 Bxh3 31. Nh4 Rg4 32. Rxg4 Bxg4 33. Bb3 Ne2+ 34. Kh2 Qe5+ 35. g3 Qxe3 36. Ng6 Qg5 37. Nh4 Qe5 38. Qf2 Kh7 39. Bc4 f5 40. Bd3 g6 41. Qa7+ Qg7 42. Qa6 Rf6 43. Qc4 Nc3 44. Qxb4 Nd5 45. Qc5 Ne7 46. Re1 Ng8 47. Ra1 Re6 48. Ra7 Ne7 49. Bc4 Re5 50. Qd6 g5 51. Ng6 Nxg6 52. Rxg7+ Kxg7 53. Qd8 Re7 54. Qg8+ Kf6 55. Qd5 Kg7 56. Qg8+ Kf6 57. Qd8 f4 58. Qd4+ Re5 59. Qd6+ Be6 60. Qd8+ Kf5 61. Bd3+ Kg4 62. Qd4 Bf5 63. Bf1 Kf3 64. Bg2+ Ke2 65. Qc4+ Kd2 66. gxf4 gxf4 67. c3 Bd3 68. Qa2+ Bc2 69. Qc4 Re2 70. Qd4+ Kc1 71. Kh3 Bf5+ 72. Kh2 f3 73. Qg1+ Kc2 74. Qc5 Rxg2+ 75. Kh1 Bd3 76. Qc6 Ne5 77. Qa4+ Kxc3 78. Qc4+ Kb2 79. Qa2+ Kc1 80. Qb1+ Kd2 81. Qxd3+ 1/2-1/2

[Event "POL Olympiad U14"]
[Site "Walbrzych"]
[Date "2013.??.??"]
[Round "2.13"]
[White "Mockun, Dawid"]
[Black "Badyra, Wasyl"]
[Result "1/2-1/2"]
[WhiteElo "1749"]
[BlackElo "1681"]
[PlyCount "85"]
[EventDate "2013.04.??"]
[EventType "team-swiss"]
[EventRounds "9"]
[EventCountry "POL"]
[SourceTitle "EXT 2014"]
[Source "ChessBase"]
[SourceDate "2013.11.20"]
[SourceVersion "1"]
[SourceVersionDate "2013.11.20"]
[SourceQuality "1"]

1. d4 Nf6 2. Nf3 d5 3. c4 c6 4. Nc3 dxc4 5. a4 Bf5 6. e3 e6 7. Bxc4 Be7 8. 0-0 0-0 9. Re1 Nbd7 10. e4 Bg4 11. h3 Bh5 12. Ba2 a5 13. Qd3 Nc5 14. Qc4 Na6 15. Ne5 Nb4 16. Bb1 Nd7 17. f4 Nxe5 18. dxe5 Bh4 19. Rf1 Bg3 20. Ra3 Qh4 21. Na2 g5 22. Rxg3 Qxg3 23. fxg5 Nxa2 24. Bxa2 Qxe5 25. Bd2 Rfd8 26. Bc3 Qxg5 27. Kh1 Qg3 28. Bb3 Qd3 29. Rf4 Qxc4 30. Bxc4 Bd1 31. Bf6 Rd2 32. Bc3 Rd7 33. b3 b6 34. Rf1 Bc2 35. Rf4 h5 36. Rh4 Bd1 37. g4 Kh7 38. Rxh5+ Kg6 39. Kg2 Bxb3 40. Be2 Bd1 41. Bc4 Bxa4 42. h4 b5 43. Rg5+ 1/2-1/2

[Event "POL Olympiad U14"]
[Site "Walbrzych"]
[Date "2013.??.??"]
[Round "9.14"]
[White "Szulc, Filip"]
[Black "Badyra, Wasyl"]
[Result "1-0"]
[WhiteElo "1615"]
[BlackElo "1681"]
[PlyCount "159"]
[EventDate "2013.04.??"]
[EventType "team-swiss"]
[EventRounds "9"]
[EventCountry "POL"]
[SourceTitle "EXT 2014"]
[Source "ChessBase"]
[SourceDate "2013.11.20"]
[SourceVersion "1"]
[SourceVersionDate "2013.11.20"]
[SourceQuality "1"]

1. e4 c5 2. Nf3 Nc6 3. d4 cxd4 4. Nxd4 e5 5. Nb5 d6 6. a4 Be7 7. N1c3 a6 8. Na3 Be6 9. Bc4 Nf6 10. 0-0 0-0 11. f3 Qb6+ 12. Kh1 Rad8 13. Nd5 Bxd5 14. Bxd5 Kh8 15. Nc4 Qc7 16. Ne3 Ne8 17. c3 g6 18. Ba2 f5 19. Nd5 Qd7 20. Nb6 Qc7 21. Nd5 Qc8 22. Nb6 Qb8 23. exf5 gxf5 24. Nd5 Nf6 25. Bh6 Nxd5 26. Bxd5 Rf6 27. Be3 f4 28. Bg1 Qc8 29. Qe2 Rh6 30. b4 Bh4 31. Rac1 Ne7 32. Be4 Ng8 33. h3 Nf6 34. Bf2 Rg8 35. a5 Bg3 36. Bxg3 Rxg3 37. Rf2 Rh4 38. Bb1 d5 39. Qd2 Nh5 40. Re1 Qg8 41. Bf5 Rg5 42. Bg4 Ng3+ 43. Kg1 h5 44. Bd7 Rg7 45. Rxe5 Rxd7 46. Qe1 Rd8 47. Re7 Ne4 48. fxe4 d4 49. cxd4 Qg5 50. Re5 Qg7 51. Rd2 Rxh3 52. Rd5 Rg8 53. Qf2 f3 54. Rf5 fxg2 55. Qxg2 Qh6 56. Rdf2 Rxg2+ 57. Kxg2 Rd3 58. Rf8+ Kh7 59. R2f7+ Qg7+ 60. Rxg7+ Kxg7 61. Rd8 Kf6 62. e5+ Kf5 63. Rf8+ Ke6 64. Rf6+ Ke7 65. Rd6 h4 66. d5 Rd4 67. Rb6 Rxd5 68. Rxb7+ Ke6 69. Rb6+ Kxe5 70. Rxa6 Rd2+ 71. Kh3 Ra2 72. Kxh4 Ra4 73. Rb6 Kd5 74. Kg5 Kc4 75. a6 Kd5 76. b5 Kc5 77. Rb7 Ra5 78. a7 Kd6 79. Kg6 Rxa7 80. Rxa7 1-0

[Event "Gdansk op 14th"]
[Site "Gdansk"]
[Date "2012.07.26"]
[Round "6"]
[White "Serbinowski, Mieczyslaw"]
[Black "Badyra, Wasyl"]
[Result "0-1"]
[WhiteElo "1802"]
[BlackElo "1650"]
[PlyCount "76"]
[EventDate "2012.07.22"]
[EventType "swiss"]
[EventRounds "9"]
[EventCountry "POL"]
[SourceTitle "CBM 149 Extra"]
[Source "ChessBase"]
[SourceDate "2012.08.24"]
[SourceVersion "1"]
[SourceVersionDate "2012.08.24"]
[SourceQuality "1"]

1. e4 c5 2. f4 Nf6 3. Nc3 d5 4. e5 d4 5. exf6 dxc3 6. fxg7 cxd2+ 7. Bxd2 Bxg7 8. c3 0-0 9. Nf3 Qb6 10. Qb3 Qxb3 11. axb3 Be6 12. Bc4 Bxc4 13. bxc4 Nc6 14. 0-0 Rad8 15. Be3 b6 16. Rad1 Na5 17. Ne5 Bxe5 18. fxe5 Nxc4 19. Bc1 Nxe5 20. Bh6 Rfe8 21. h3 Nc6 22. Rxd8 Rxd8 23. Rf3 Rd6 24. Rg3+ Rg6 25. Rxg6+ hxg6 26. Bd2 f5 27. Kf2 Kf7 28. Ke3 Kf6 29. h4 e5 30. Kf3 e4+ 31. Ke2 a5 32. b3 Ke5 33. g3 b5 34. Ke3 c4 35. bxc4 bxc4 36. Bc1 Ne7 37. Ba3 Nd5+ 38. Kd2 e3+ 0-1

[Event "Gdansk op 14th"]
[Site "Gdansk"]
[Date "2012.07.24"]
[Round "4"]
[White "Szymanowski, Mateusz"]
[Black "Badyra, Wasyl"]
[Result "1-0"]
[WhiteElo "1833"]
[BlackElo "1650"]
[PlyCount "37"]
[EventDate "2012.07.22"]
[EventType "swiss"]
[EventRounds "9"]
[EventCountry "POL"]
[SourceTitle "CBM 149 Extra"]
[Source "ChessBase"]
[SourceDate "2012.08.24"]
[SourceVersion "1"]
[SourceVersionDate "2012.08.24"]
[SourceQuality "1"]

1. e4 c6 2. d4 d5 3. f3 dxe4 4. fxe4 e5 5. Nf3 exd4 6. Bc4 Nf6 7. 0-0 Bg4 8. Bxf7+ Kxf7 9. Ne5+ Ke8 10. Nxg4 Nbd7 11. Qf3 Bd6 12. e5 Bxe5 13. Nxe5 Nxe5 14. Re1 Qe7 15. Qg3 Kf7 16. Qxe5 Qb4 17. Qe6+ Kg6 18. a3 Qc5 19. Re5 1-0

[Event "Gdansk op 14th"]
[Site "Gdansk"]
[Date "2012.07.22"]
[Round "1"]
[White "Badyra, Wasyl"]
[Black "Szczepaniec, Stanislaw"]
[Result "1/2-1/2"]
[WhiteElo "1650"]
[BlackElo "2059"]
[PlyCount "85"]
[EventDate "2012.07.22"]
[EventType "swiss"]
[EventRounds "9"]
[EventCountry "POL"]
[SourceTitle "CBM 149 Extra"]
[Source "ChessBase"]
[SourceDate "2012.08.24"]
[SourceVersion "1"]
[SourceVersionDate "2012.08.24"]
[SourceQuality "1"]

1. e4 c5 2. Nf3 Nc6 3. d4 cxd4 4. Nxd4 g6 5. Nc3 Bg7 6. Be3 Nf6 7. Bc4 Qa5 8. 0-0 0-0 9. Re1 d6 10. f3 Bd7 11. Bb3 Rfc8 12. Nd5 Nxd5 13. exd5 Ne5 14. Bg5 Qb6 15. c3 f6 16. Bh4 a5 17. f4 a4 18. Bc2 Bg4 19. Qc1 a3 20. Rb1 axb2 21. Rxb2 Qa7 22. Bf2 Nc4 23. Nc6 Qa3 24. Nxe7+ Kf8 25. Rxb7 Qxc1 26. Rxc1 Re8 27. Nc6 Rxa2 28. Bd3 Ne3 29. Re1 Nxd5 30. Rxe8+ Kxe8 31. h3 Nxf4 32. Bf1 Be2 33. Rxg7 Ra1 34. Re7+ Kf8 35. Be3 Rxf1+ 36. Kh2 Bb5 37. Rc7 Nd5 38. Rc8+ Kf7 39. Bh6 Bxc6 40. Rxc6 Ne7 41. Rxd6 Nf5 42. Rd7+ Ke6 43. Rxh7 1/2-1/2